LEADER 01728nam a2200313 i 4500 001 000000363142 003 CaOOAMICUS 005 20250612115932.0 008 250612s1965 it u000 u ita u 040 $aSeMil$bita 100 1 $aKant, Immanuel,$d<1724-1804>.$0(OLS)http://semarc/name/2543 245 10$aScritti politici e di filosofia della storia e del diritto /$cdi Immanuel Kant ; con un saggio di Christian Garve ; tradotti da Gioele Solari e Giovanni Vidari ; edizione postuma a cura di Norberto Bobbio, Luigi Firpo, Vittorio Mathieu. 250 $a2. ed. aggiornata 260 $a[Torino] :$bUnione Tipografico-Editrice Torinese,$c1965. 300 $a692 p., [5] carte di tav. :$bill. ;$c24 cm 490 1 $aClassici della politica 650 4$aKant, Immanuel <1724-1804> - Pensiero politico.$0(OLS)http://semarc/subject/56447 700 1 $aGarve, Christian.$0(OLS)http://semarc/name/40477 700 1 $aSolari, Gioele,$d<1872-1952>.$0(OLS)http://semarc/name/33994 700 1 $aMathieu, Vittorio,$d<1923-2020>.$0(OLS)http://semarc/name/4377 700 1 $aBobbio, Norberto,$d<1909-2004>.$0(OLS)http://semarc/name/1206 700 1 $aFirpo, Luigi,$d<1915-1989>.$0(OLS)http://semarc/name/3493 700 1 $aVidari, Giovanni,$d<1871-1934>.$0(OLS)http://semarc/name/12186 830 0$aClassici della politica .$0(OLS)http://semarc/title/7397 850 $aSeMil 852 $aSeMil$W1$xVenegono$y1$m2LA A 19$j258438$B254012$CSeMilBibl$Z2$F254012 $81 996 $6245$aScritti politici e di filosofia della storia e del diritto$9(OLS)http://semarc/title/135549 996 $6260$a[Torino] :$bUnione Tipografico-Editrice Torinese$9(OLS)http://semarc/publisher/29887 LEADER 00703nas a2200193 i 4500 001 000000201800 003 CaOOAMICUS 005 20110506000000.0 008 110506b1927 it uu u0 0ita r 013 $a180506 040 $aSeMil$bita 245 10$a1927. 260 $aMilano :$bVita e Pensiero,$c1927. 300 $a496 p. :$bill. ;$c19 cm. 773 0 $tAnnali dell'Italia cattolica.$dMilano : Vita e Pensiero : [dal 1933]... Pro Familia, 1925-1935.$w()1831 850 $aSeMil 852 $aSeMil$W1$xVenegono$y1$m5B II 25 FA$j248300$B152326$CSeMilBibl$Z2$F163443 $85 996 $6245$a1927$9(OLS)http://semarc/title/221169 996 $6260$aMilano :$bVita e Pensiero$9(OLS)http://semarc/publisher/29642